Európska dimenzia evaluácie vysokých škôl

Aktuálna problematika evaluácie kvality činností na vysokých školách v Slovenskej republike a v zahraničí. Teoretické a terminologické východiská evaluácie vysokých škôl. Evaluácia v spoločných dokumentoch európskej vysokoškolskej politiky.

Na minha lista:
Detalhes bibliográficos
Autor principal: Polák, Jozef
Outros Autores: Plavčan, Peter
Formato: Capítulo de Livro
Idioma:eslovaco
Assuntos:
Tags: Adicionar Tag
Sem tags, seja o primeiro a adicionar uma tag!

MARC

LEADER 00000naa$a2200000$$$4500
001 0045067
005 20231010124000.2
041 0 |a slo 
044 |a SK 
245 1 0 |a Európska dimenzia evaluácie vysokých škôl  |c Jozef Polák, Peter Plavčan 
520 |a Aktuálna problematika evaluácie kvality činností na vysokých školách v Slovenskej republike a v zahraničí. Teoretické a terminologické východiská evaluácie vysokých škôl. Evaluácia v spoločných dokumentoch európskej vysokoškolskej politiky. 
610 2 0 |a školy vysoké 
610 2 0 |a univerzity 
610 2 0 |a kvalita 
610 2 0 |a akreditácia 
610 2 0 |a hodnotenie pracoviska 
610 2 0 |a politika školská 
610 2 0 |a vzdelávanie vysokoškolské 
610 2 0 |a Slovensko 
610 2 0 |a Európska únia 
100 1 |a Polák, Jozef 
700 1 |a Plavčan, Peter